000 00295nam a22001097a 4500
040 _cFIZZA ISHAQ
082 _a510.2462
_bERI
100 _aGIZSYERK, ERIN.
_986182
245 _aADVANCED ENGINEERING MATHEMATICS /
_cERIN GIZSYERK.
260 _aLONDON :
_bJHON WILEY SON,
_c2011.
942 _2ddc
_cBK
999 _c587253
_d587253